| 000 | 00941nam a22001937a 4500 | ||
|---|---|---|---|
| 008 | 100809s2003 xxu||||| |||| 00| 0 ara d | ||
| 082 |
_222 _a350.101 _bش ا ي |
||
| 100 | 1 |
_917307 _aالشايب ، أحمد |
|
| 245 |
_aالرئيس : _bدور .. له جذور / _cأحمد الشايب |
||
| 250 | _aط 8. | ||
| 260 |
_aالقاهرة : _bمطابع الاهرام التجارية : _c2003. |
||
| 300 |
_a512 ص ؛ _bصور : _c24 سم. |
||
| 541 |
_aألف باء ؛ _cشراء ؛ |
||
| 650 |
_917309 _aمبارك وقضايا المجتمع |
||
| 650 |
_917310 _aمبارك والتيارات السياسية |
||
| 942 |
_2ddc _cBB |
||
| 999 |
_c14649 _d14649 |
||